Online
Catalog

Los campesinos del Cibao : (Record no. 38640)

MARC details
000 -CABECERA
campo de control de longitud fija 02124nam a2200349 a 4500
001 - NÚMERO DE CONTROL
campo de control 000039150
003 - IDENTIFICADOR DEL NÚMERO DE CONTROL
campo de control DO-SdBNP
005 - FECHA Y HORA DE LA ÚLTIMA TRANSACCIÓN
campo de control 20250421113736.0
008 - DATOS DE LONGITUD FIJA--INFORMACIÓN GENERAL
campo de control de longitud fija 130528s2012 dr ad 001 0 spa d
020 ## - NÚMERO INTERNACIONAL ESTÁNDAR DEL LIBRO
Número Internacional Estándar del Libro 9789945074789
040 ## - FUENTE DE LA CATALOGACIÓN
Centro catalogador/agencia de origen DO-SdBNP
Lengua de catalogación spa
Centro/agencia transcriptor BNPHU
082 ## - NÚMERO DE LA CLASIFICACIÓN DECIMAL DEWEY
Número de clasificación 305.56330972935
Número de documento/Ítem S194c, 2012
100 1# - ENTRADA PRINCIPAL--NOMBRE DE PERSONA
Nombre de persona San Miguel, Pedro L.
9 (RLIN) 20508
245 14 - MENCIÓN DE TÍTULO
Título Los campesinos del Cibao :
Resto del título economía de mercado y transformación agraria en la República Dominicana 1880-1960 /
Mención de responsabilidad, etc. Pedro L. San Miguel ; prólogo, Ramón Paniagua.
250 ## - MENCIÓN DE EDICIÓN
Mención de edición 2ª ed.
260 ## - PUBLICACIÓN, DISTRIBUCIÓN, ETC.
Lugar de publicación, distribución, etc. Santo Domingo :
Nombre del editor, distribuidor, etc. Archivo General de la Nación,
Fecha de publicación, distribución, etc. 2012.
300 ## - DESCRIPCIÓN FÍSICA
Extensión 519 p. :
Otras características físicas il., gráfcs. ;
Dimensiones 24 cm.
490 1# - MENCIÓN DE SERIE
Mención de serie Archivo General de la Nación ;
Designación de volumen o secuencia 179
500 ## - NOTA GENERAL
Nota general Incluye datos biográficos del autor en las solapas de la cubierta.
500 ## - NOTA GENERAL
Nota general Incluye bibliografía y notas al pie de páginas.
504 ## - NOTA DE BIBLIOGRAFÍA, ETC.
Nota de bibliografía, etc. Bibliografía : p. 477-507.
505 0# - NOTA DE CONTENIDO CON FORMATO
Información miscelánea Indice de tablas, gráficas, mapas y planos rurales --
-- Abreviaturas --
-- Prólogo /
Mención de responsabilidad Ramón Paniagua --
Información miscelánea Prólogo de la primera edición/
Mención de responsabilidad Roberto Cassá --
Información miscelánea Prefacio --
-- Introducción --
Título La formación del campesinado: la historia agraria dominicana --
-- El Cibao: paisajes y regiones --
-- Población y uso de la tierra --
-- Comerciantes, intermediarios y campesinos --
-- La economía rural y el crédito --
-- La tierra y la sociedad campesina --
-- El Estado y el campesinado --
-- Conclusiones: Los campesinos del Caribe: una perspectiva cibaeña --
Información miscelánea Epílogo --
-- Fuentes y bibliografía.
590 ## - NOTA LOCAL (RLIN)
Nota local Inventariado, 2018/BT
650 #4 - PUNTO DE ACCESO ADICIONAL DE MATERIA--TÉRMINO DE MATERIA
Término de materia o nombre geográfico como elemento de entrada Campesinos
Subdivisión geográfica República Dominicana
-- Valle Del Cibao
Subdivisión general Historia
9 (RLIN) 2072
650 #4 - PUNTO DE ACCESO ADICIONAL DE MATERIA--TÉRMINO DE MATERIA
Término de materia o nombre geográfico como elemento de entrada Agricultura
Subdivisión general Aspectos económicos
Subdivisión geográfica República Dominicana
-- Valle Del Cibao
Subdivisión general Historia
9 (RLIN) 2073
650 #0 - PUNTO DE ACCESO ADICIONAL DE MATERIA--TÉRMINO DE MATERIA
Término de materia o nombre geográfico como elemento de entrada Agricultura y estado
Subdivisión geográfica República Dominicana
-- Valle Del Cibao
Subdivisión general Historia
9 (RLIN) 36241
650 #4 - PUNTO DE ACCESO ADICIONAL DE MATERIA--TÉRMINO DE MATERIA
Término de materia o nombre geográfico como elemento de entrada Tenencia de la tierra
Subdivisión geográfica República Dominicana
-- Valle Del Cibao
9 (RLIN) 2075
651 #4 - PUNTO DE ACCESO ADICIONAL DE MATERIA--NOMBRE GEOGRÁFICO
Nombre geográfico Valle Del Cibao (República Dominicana)
Subdivisión general Condiciones Rurales
9 (RLIN) 2076
700 1# - PUNTO DE ACCESO ADICIONAL--NOMBRE DE PERSONA
Nombre de persona Paniagua, Ramón,
Término indicativo de función/relación pról.
9 (RLIN) 63851
910 ## - DATOS DE OPCIÓN DEL USUARIO (OCLC)
Datos de opción del usuario Validado. Control de calidad. EMS
942 ## - ELEMENTOS DE PUNTO DE ACCESO ADICIONAL (KOHA)
Fuente del sistema de clasificación o colocación Dewey Decimal Classification
Tipo de ítem Koha Libro
Holdings
Estado de retiro Estado de pérdida Restricciones de uso No para préstamo Código de colección Localización permanente Ubicación/localización actual Ubicación en estantería Fecha de adquisición Número de inventario Total de préstamos Signatura topográfica completa Código de barras Fecha visto por última vez Número de copia Precio válido a partir de Tipo de ítem Koha Nota pública
        Dominicana de Servicio General General Depósito 28.05.2013 LF1   305.56330972935 S194c, 2012 39150-30 25.06.2020 e. 3 25.06.2020 Libro y Folleto Colección Dominicana de Servicio  
        Dominicana de Servicio General General Depósito 05.03.2014 LF1   305.56330972935 S194c, 2012 39150-40 25.06.2020 e. 4 25.06.2020 Libro y Folleto Colección Dominicana de Servicio  
        Dominicana de Servicio General General Depósito 28.05.2019 LF1   305.56330972935 S194c, 2012 39150-50 25.06.2020 e. 5 25.06.2020 Libro y Folleto Colección Dominicana de Servicio Perteneció a la biblioteca personal de Maritza Baez.
      Excluido de préstamo Patrimonio Dominicano Patrimonio Dominicano Patrimonio Dominicano Depósito 28.05.2013 LF1   305.56330972935 S194c, 2012 39150-10 25.06.2020   25.06.2020 Libro y Folleto Colección Patrimonio Dominicano  
      Excluido de préstamo Patrimonio Dominicano Patrimonio Dominicano Patrimonio Dominicano Depósito 28.05.2013 LF1   305.56330972935 S194c, 2012 39150-20 25.06.2020 e. 2 25.06.2020 Libro y Folleto Colección Patrimonio Dominicano  

Powered by Koha